000 00676nam a2200181Ia 4500
008 151202s9999||||xx |||||||||||||| ||und||
082 _bPNVM-83359
100 _aदेशपांडे रेणुकदास.
245 _aलक्ष्मीनिवास मित्तल.
260 _bसाकेत प्रकाशन.
260 _c2008
300 _a112
600 _aदेशपांडे रेणुकदास.
630 _aलक्ष्मीनिवास मित्तल.
700 _aदेशपांडे रेणुकदास.
730 _aलक्ष्मीनिवास मित्तल.
942 _cBOOK
999 _c1348186
_d1348183